Statistieken voor Vlag-vormen van Landen #5

Klik hier om de quiz te nemen!

Algemene statistieken

  • Deze quiz is 365 keer genomen
  • De gemiddelde score is 15 van 16

Antwoordstatistieken

Antwoord% Correct
België
99%
Duitsland
99%
Turkije
99%
Qatar
98%
Venezuela
96%
Algerije
95%
Somalië
95%
Servië
94%
Costa Rica
92%
Angola
91%
Filipijnen
90%
Monaco
89%
Zambia
87%
Haïti
86%
Oman
84%
Belize
81%

Scoreverdeling

Percentiel versus Aantal Correcte Antwoorden

Procent van Mensen met Elke Score

Uw Scoregeschiedenis

U heeft deze quiz nog niet genomen